[Event "Welsh Seniors ch"]
[Site "?"]
[Date "2018.09.28"]
[Round "1"]
[White "Thomas, Roy"]
[Black "Van Kemenade, R."]
[Result "0-1"]
[WhiteElo "1719"]
[BlackElo "1982"]
[Annotator "kemen"]
[PlyCount "120"]
[EventDate "2018.09.28"]

1. f4 g6 2. Nf3 Bg7 3. e3 d6 4. d4 Nf6 (4... Nd7 5. Be2 c5 6. c3 Ngf6 7. O-O b6
8. Qe1 Bb7 9. Nbd2 Rc8 (9... O-O) 10. Bd3 e6 11. e4 O-O {Thomas-IR Jones, WCPL
2014,0-1}) 5. c4 (5. Bd3 {main}) 5... O-O (5... Nbd7 6. Be2) 6. Nc3 Bg4 (6...
Nbd7) (6... c5) 7. Be2 Nc6 $146 {but Wh scored 3.5-0.5 against other moves} (
7... c6) (7... Nbd7) (7... Nfd7) 8. O-O Qe8 (8... Nd7 {Komodo12}) 9. Nb5 Qc8
10. d5 Nd8 (10... Nb8 {Komodo12, considered as alternative}) 11. Nfd4 Bxe2 12.
Qxe2 c5 (12... c6 {alternative}) 13. Nf3 Ne4 14. Nd2 Nxd2 15. Qxd2 (15. Bxd2
Bxb2 16. Rab1 Bg7 17. f5 $11 {Komodo12}) 15... f5 $11 16. Rb1 a6 17. Nc3 b5 18.
b3 b4 (18... Rb8 $11) (18... bxc4 19. bxc4 Rb8 20. Rxb8 Qxb8 21. Qc2 $11 {
Komodo12; both considered}) 19. Na4 Ra7 {to take back on g7, but maybe} (19...
Rb8 {immediately, to keep the N from b6-d5}) 20. Bb2 Bxb2 {to give Wh
decisions about long term set ups} 21. Rxb2 (21. Nxb2 {brings the N back into
play, but Wh was hoping to make use of it on the Q side.Bl though was happy
keeping it offside, for the rest of the game!.}) 21... Rb7 (21... Nf7) (21...
Re8) 22. Qd3 e6 23. Rd2 (23. Re2) 23... Nf7 24. e4 exd5 (24... fxe4 25. Qxe4 e5
{was Bl's original idea, but wary of} 26. f5 gxf5 (26... Ng5 $1 $17 {Komodo12,
missed} 27. Qe3 Rxf5) 27. Rxf5 Nh6 28. Rxf8+ Qxf8 29. Rf2 Rf7 30. Rxf7 Qxf7 $11
) (24... e5 25. exf5 Qxf5 26. Qxf5 gxf5 27. fxe5 Nxe5 28. Nb2 $11) 25. exd5 (
25. exf5 Qxf5 (25... dxc4 26. Qxc4 Qxf5 27. Rxd6 $16) 26. Qxf5 gxf5 27. Rxd5
Re8 28. h3 Re2 29. Rf2 Rbe7 30. Rxf5 Re1+ 31. Kh2 R1e2 32. Rxe2 Rxe2 33. Nb6
Rxa2 34. Rd5 Rc2 $11 {Komodo12}) 25... Re8 26. Re2 Rbe7 27. Rfe1 Qd8 {keeping
the N out} (27... Rxe2 28. Rxe2 Rxe2 29. Qxe2 Qd8 30. g3 Qf6 31. Kg2 $11 {
Komodo12}) 28. g3 {the f4 pawn might be vulnerable in some lines} Nh6 29. h3
Kf7 (29... Rxe2 30. Rxe2 Rxe2 31. Qxe2 Qf6 $11 {Komodo12}) 30. Kf2 (30. Re6 Ng8
31. g4 fxg4 32. hxg4 Rxe6 33. dxe6+ Kg7 (33... Rxe6 34. Rxe6 $1 (34. Qd5 Qf6
$17) 34... Kxe6 35. Nxc5+ Ke7 36. Qe4+ Kf7 37. Qd5+ Ke7 38. Qb7+ Ke8 39. Qxh7
$18) 34. Kg2 Qh4 35. Qg3 Qf6 36. f5 Qg5 37. Rd1 Nf6 38. Rxd6 gxf5 39. Nxc5 f4
40. Qf2 Nxg4 $19 {Komodo12}) 30... Ng8 $15 {Bl's N is now superior to Wh's} 31.
Re6 Nf6 32. Rxe7+ Rxe7 33. Rxe7+ Qxe7 34. Qe2 Ne4+ 35. Kf3 (35. Kg2 Nc3 $19)
35... Qf6 36. Kg2 (36. Qb2 {considered by Wh} Qxb2 37. Nxb2 Nc3 38. g4 Nxa2 39.
Nd3 a5 $17) 36... Qd4 (36... Qa1 $19 {considered} 37. Kh2 Qh1+ $1 {Komodo12,
missed}) 37. Kf3 $2 (37. Nb2 {expected} Kf8 38. Nd3 Nc3 39. Qe6 Qe4+ 40. Qxe4
Nxe4 $17 41. Nc1 Nc3 42. g4 fxg4 43. hxg4 h5 (43... h6) 44. f5 hxg4 45. fxg6
Kg7 46. Kg3 Kxg6 47. Kxg4 a5 $15) 37... Qg1 $19 38. Qg2 Qd1+ (38... Qe1 $1 {
Komodo12} 39. g4 Nd2+ 40. Qxd2 Qxd2) 39. Qe2 (39. Ke3 Qd4+ 40. Ke2 Qd2+ 41. Kf1
Qd1#) 39... Qxe2+ (39... Qg1) (39... Qh1+) 40. Kxe2 Nxg3+ $19 {but it takes a
while} 41. Ke3 Ne4 42. Nb6 Ke7 43. Nc8+ Kd7 {the Wh N has no future on the Q
side} (43... Kd8 {more accurate, Komodo12}) 44. Na7 Nc3 45. Nc6 Nxa2 46. h4 Nc1
47. Na5 Kc7 48. Kd2 Kb6 49. Nc6 (49. Kxc1 Kxa5 {the K returns to f6 & Bl has
runners on both sides of the board}) 49... Nxb3+ 50. Kd3 a5 51. Ne7 a4 (51...
Nd4) 52. Kc2 Nd4+ (52... Na5) 53. Kb2 a3+ (53... Ne2) 54. Ka2 Ne2 55. Ng8 Nxf4
(55... Ka5) 56. Nf6 Nh5 (56... Ka5) (56... Ne2) 57. Nxh7 f4 58. Ng5 Ng3 59. Nf3
Nf5 60. Nd2 Nxh4 0-1

[Event "Welsh Seniors Ch"]
[Site "?"]
[Date "2018.09.28"]
[Round "1"]
[White "Davis, Lee"]
[Black "Penny, Liam"]
[Result "1-0"]
[WhiteElo "1960"]
[BlackElo "1664"]
[Annotator "kemen"]
[PlyCount "55"]
[EventDate "2018.09.30"]

1. d4 d5 2. g3 Nf6 3. Bg2 Bf5 4. Nf3 e6 5. O-O Be7 6. c4 c6 7. Nc3 Nbd7 8. Qb3
(8. b3 h6 (8... O-O 9. Bb2 Ne4 10. Nd2 Nxc3 11. Bxc3 Qc7 12. f3 (12. e4) 12...
Rad8 13. e4 dxe4 14. fxe4 Bg6 15. e5 c5 16. d5 {Davis-S Sivarajasingam, S
Wales International 2016,1-0}) 9. Bb2 O-O 10. Nd2 Qa5 11. e4 dxe4 12. Ndxe4
Nxe4 13. Nxe4 Rfd8 14. Qe2 {Davis-Sands, WLS ch 2018,1/2-1/2}) (8. Nh4 Bg4 (
8... Bg6 9. Nxg6 hxg6 10. Qb3 Qb6 11. c5 Qa6 12. e4 dxe4 13. Nxe4 Nxe4 14. Bxe4
O-O-O {Davis-Jina, GBR ch Bournemouth 2016,1-0}) 9. h3 Bh5 10. cxd5 cxd5 11.
Bf4 {Davis-A May , West Wales open 2015,1-0}) 8... dxc4 $146 (8... Qb6 {main})
(8... Qc8) (8... b6) 9. Qxb7 Qc8 10. Qxc8+ Rxc8 11. Bf4 (11. Ne5 Nxe5 12. dxe5
Nd7 13. Be3 Rc7 14. f4 O-O $14 {Komodo12}) 11... Nd5 12. Nd2 (12. Bd2 c5 13.
dxc5 Bxc5 14. e4 Nxc3 15. exf5 Ne2+ 16. Kh1 Nd4 17. fxe6 Nxe6 18. Bc3 O-O 19.
Rad1 $14 {Komodo12}) 12... N7b6 $11 13. e4 Nxf4 14. gxf4 Bg6 15. Rfc1 (15. a4
a5 16. Rac1 Bb4 $15 {Komodo12}) 15... c5 (15... Rd8 16. Nf3 f6 $15 {Komodo12})
16. d5 exd5 (16... O-O $11 {Komodo12}) 17. Nxd5 Nxd5 18. exd5 {now the passed
pawn is dangerous, and Bl's Q side in ruins} Bd3 (18... Bd6 19. Rxc4 O-O 20.
Ne4 Bxf4 21. Nf6+ gxf6 22. Rxf4 Kg7 23. Rd1 $14 (23. b3 $14)) 19. Nxc4 Bxc4 20.
Rxc4 $16 Bf6 $2 {engaging in a battle without all the forces avalable} (20...
O-O $16) 21. Re1+ $18 Kd8 22. b3 (22. d6 Bxb2 23. Bh3 $18 {is even
stronger-Komodo12}) 22... Re8 23. Rxe8+ Kxe8 24. Ra4 (24. d6 Kd8 25. Ra4 Rb8
26. Rxa7 Rb6 27. d7 Bd4 28. Bh3 Rb8 29. Kg2 $16 {Komodo12}) 24... Bd4 25. d6 (
25. Bf1 Rc7 26. Ra6 Rb7 27. Bc4 Kd8 28. Kg2 $16 {Komodo12}) 25... f5 (25... Rd8
26. Ra6 f5 27. Bc6+ Kf8 28. Bb5 Kf7 29. Bc4+ Ke8 30. Kg2 Kd7 $16 {and Bl has
not yet lost- Komodo12}) 26. Rxa7 $18 Kd8 (26... Rd8 27. Re7+ Kf8 28. Re6 c4
29. bxc4 Bc5 30. Re5 Bxd6 31. Rxf5+ Ke7 32. a4 $18 {Komodo12}) 27. Rf7 Bf6 28.
Bb7 {and Bl loses a R} 1-0

[Event "Welsh Seniors Ch"]
[Site "?"]
[Date "2018.09.28"]
[Round "1"]
[White "Hurn, Robert J"]
[Black "Waterfield, John"]
[Result "1/2-1/2"]
[WhiteElo "1608"]
[BlackElo "1923"]
[Annotator "kemen"]
[PlyCount "57"]
[EventDate "2018.10.01"]

1. d4 Nf6 2. c4 c5 3. d5 b5 4. Nf3 (4. cxb5 a6 5. bxa6 {has netted Bob 2 draws
& a loss against stronger players in the past}) 4... g6 (4... Bb7 5. Nc3 b4 6.
Nb1 e6 7. Bg5 exd5 8. cxd5 d6 9. e4 Be7 10. Bxf6 Bxf6 11. Qc2 Nd7 {Khanna-
Waterfield, S Wales International, Caerleon 2006,0-1}) 5. Qc2 (5. Nfd2 bxc4 6.
e4 d6 7. Nc3 Bg7 8. Nxc4 Nbd7 9. Be2 {Bonafant-Waterfield, 4NCL 2008,1-0}) 5...
bxc4 6. e4 Bg7 7. Bxc4 d6 8. O-O O-O 9. Nc3 Nbd7 {still in GM practice} (9...
Ba6 {main alternative}) 10. h3 Rb8 (10... Nb6) 11. Rb1 (11. Re1) 11... Nb6 12.
Be2 Nbd7 (12... Nfd7 13. Nd2 Bb7 14. a4 Qc8 15. a5 Na8 16. Nc4 Ne5 17. Nxe5
Bxe5 18. Bh6 Re8 19. Kh1 e6 20. dxe6 Qxe6 21. f3 Nc7 $11 {Treibal-Scholz,
Regionnalliga Bayern 2015,0-1}) 13. Bf4 (13. Be3) 13... Qa5 14. Rfe1 $14 (14.
a3 $16 {Komodo12} Ba6 $2 15. b4 $18) 14... Ba6 15. Bxa6 Qxa6 16. e5 $16 dxe5 (
16... Nh5 17. Bh2 f5 18. Rbd1 $16) 17. Nxe5 Nxe5 18. Bxe5 Rb7 19. b3 (19. Rbd1
$16) 19... Rd8 20. Rbd1 c4 (20... Rbd7 {laying siege to the d pawn} 21. Qb2 Qb7
22. Re2 Ne8 23. Rde1 Bxe5 24. Rxe5 Nd6 $11 {Komodo12}) 21. Qe2 $16 Rc8 (21...
Ne8 22. Ne4 Rc8 23. Bxg7 Kxg7 24. Rd4 Rbc7 25. Rc1 Nd6 26. Nxd6 exd6 27. bxc4
Qa3 28. Qd2 $16 {Komodo12}) 22. d6 (22. Rd4 {Komodo12, comes near to winning.}
Ne8 23. Rxc4 Rxc4 24. Bxg7 Ra4 25. Nxa4 Qxe2 26. Rxe2 Kxg7 27. Nc5 Rc7 28. b4
$16) 22... exd6 {Wh is a pawn up, though still has to press home against Bl
resistence} 23. Rxd6 (23. Bxf6 Bxf6 24. Nd5 Bg7 25. bxc4 Kh8 26. Rd2 Rbb8 27.
Qe7 Rxc4 28. Qxf7 Rf8 $14 {Komodo12}) 23... Rb6 24. Red1 (24. Rxb6 axb6 25. Qd2
cxb3 26. axb3 Qa8 27. f4 Rd8 28. Qf2 Qa5 $11 {Komodo12}) 24... Ne8 (24... Re8
25. Rxb6 axb6 26. f4 Nh5 $11) 25. Rd7 (25. Rxb6 axb6 (25... Qxb6 26. bxc4 Bxe5
27. Qxe5 Qe6 28. Qxe6 fxe6 29. Nb5 a6 30. Nd4 Rxc4 31. Nxe6 Rc6 32. Ng5 $16)
26. Bxg7 Nxg7 (26... Kxg7 27. Qe5+ Kg8 28. Nd5 $18) 27. Nd5 Kh8 28. bxc4 Qxc4
29. Qxc4 Rxc4 30. Nxb6 $16 {but Wh has good winning chances with the extra pawn
}) 25... Bxe5 (25... Re6 $15 {now Bl gets good winning chances} 26. f4 (26.
R1d5 f6 27. Qf3 cxb3 28. axb3 fxe5 29. Qf7+ Kh8 30. Ne4 Rf6 31. Nxf6 Qxf6 32.
Rxa7 Qxf7 33. Rxf7 Kg8 34. Rdd7 Rc1+ 35. Kh2 Bf8 $11 {is a line even the
Engine can't evaluate initially}) 26... f6 $17 27. Nd5 fxe5 28. Ne7+ Rxe7 29.
Rxe7 Bf6 30. Red7 Qb6+ 31. Kh2 c3 $19) 26. Qxe5 Re6 27. Qd4 (27. Qf4 Nf6 28.
R7d6 Nh5 29. Rd8+ Re8 30. Rxe8+ Rxe8 31. Qxc4 $16 {Komodo12}) 27... cxb3 28.
axb3 Rd6 (28... Nf6 29. Rxa7 Qb6 30. Qxb6 Rxb6 31. Nd5 Nxd5 32. Rxd5 Rxb3 $11 {
Komodo12}) (28... Qc6 29. Na4 Qc2 $11) 29. Qe5 {draw? & Bl , having been under
pressure most of the game , accepts.} (29. Rxd6 $1 Qxd6 (29... Nxd6 30. Qf6 Rc6
31. Nd5 $18 Qe2 32. Ne3 Qa6 33. Ng4 $18 {Komodo12}) 30. Nd5 Qe6 31. Qxa7 Kg7
32. Qa1+ Nf6 33. Rd3 {and Bl is a pawn down & has to be very careful to survive
} (33. Qxf6+ Qxf6 34. Nxf6 Kxf6 35. Rb1 Rb8 36. b4 Rb5 37. f3 Ke5 38. Kf2 Kd4
39. Ke2 f5 40. f4 Kc3 41. Ke3 Kc2 42. Ra1 Rxb4 43. Ra7 Rb3+ {and Bl just
survives with his active K}) 33... Qc6 34. Kh2 Rd8 35. Nb4 Qc7+ 36. g3 Rxd3 37.
Nxd3 Qc2 38. Qd4 Qxb3 $11 {However there is another route that would have lead
to a Bl win rather than the repetition with the expected Re6.}) (29. Qe5 $2
Rxd7 30. Rxd7 Qa1+ 31. Kh2 Qxc3 {and Wh is just a piece down.}) 1/2-1/2

[Event "Welsh Seniors Ch"]
[Site "?"]
[Date "2018.09.28"]
[Round "1"]
[White "O'Rourke, Kevin"]
[Black "Greatorex, Roger"]
[Result "0-1"]
[WhiteElo "1264"]
[BlackElo "1736"]
[Annotator "kemen"]
[PlyCount "66"]
[EventDate "2018.10.01"]

1. e4 e6 2. d4 a6 3. Nc3 (3. c4 b5 4. Nf3 Bb7 5. Nbd2 bxc4 6. Bxc4 Nf6 7. Bd3
Be7 8. O-O O-O 9. Qc2 h6 10. Nb3 {Armstrong-Greatorex, 4NCL 2004,1-0}) 3... b5
4. e5 $146 {opens up the long diagonal for Bl voluntarily} (4. a3) (4. Nf3) (4.
Bd3) 4... Bb7 5. Nce2 {undeveloping} (5. Nf3) (5. a3) (5. Qg4) 5... c5 6. Nf4 {
moving a piece for the 3rd time , without trying other ones. It also allows Bl
to break up the Wh pawn centre} cxd4 7. Qxd4 Nc6 $17 8. Qe4 (8. Qe3 d6 9. exd6
Bxd6 $17 {Bl has a comfortable lead in development.}) 8... Qc7 $19 {
threatening e5 & the Q} 9. Qe2 $2 (9. c3 Nxe5 10. Qe2 {better , but Bl is
comfortably ahead with} Nf6) 9... Nd4 10. Qd2 Nxc2+ 11. Kd1 Nxa1 $19 12. Bd3 g5
13. Nge2 (13. Nh5 Bxg2 {loses another R}) 13... gxf4 14. f3 Rc8 15. b3 Bd5 16.
Bb2 Nxb3 17. axb3 Bxb3+ 18. Ke1 Bc2 (18... Ne7 {but there are many ways for Bl
to play}) 19. Bc3 Bxd3 20. Qxd3 Ne7 21. Kf2 Nd5 22. Rc1 Nxc3 23. Rxc3 Qb6+ (
23... Bc5+ 24. Kf1 Qxe5) 24. Kf1 Rxc3 25. Qxc3 Qc6 26. Qb2 Qc4 27. Qa1 b4 28.
Ke1 b3 29. Qc3 Bb4 30. Kd2 Bxc3+ 31. Nxc3 O-O (31... Qd4+ 32. Ke2 Qxc3 33. h3
b2) (31... Rg8) 32. Ne4 b2 33. Nf6+ Kg7 0-1

[Event "Welsh Seniors ch"]
[Site "?"]
[Date "2018.09.29"]
[Round "2"]
[White "Van Kemenade, R."]
[Black "James, Dai"]
[Result "0-1"]
[WhiteElo "1982"]
[BlackElo "1826"]
[Annotator "kemen"]
[PlyCount "76"]
[EventDate "2018.09.29"]

1. e4 e6 2. d3 c5 3. Nf3 d6 4. g3 Qc7 {lesser variant} (4... Nc6) (4... Nf6) 5.
Bg2 Nf6 6. O-O Be7 7. Re1 (7. Nbd2) (7. c3) 7... O-O 8. c3 Nc6 9. d4 {main} (9.
Nbd2) 9... d5 (9... cxd4 10. cxd4 d5 11. e5 Ne4 12. Nbd2 Nxd2 13. Bxd2 Qb6 14.
Bc3 {main}) (9... e5) 10. exd5 (10. e5 Ne4 11. Nbd2 f5 {2-0 others#} (11...
Nxd2 12. Bxd2 Qb6 13. Rb1 cxd4 14. Nxd4 Nxd4 15. Be3 Bd7 16. Qxd4 Qxd4 17. Bxd4
$11)) 10... exd5 {Engines, not played} (10... Nxd5 {only move played, yetr 5
wh wins & 2 draws} 11. c4 $1) 11. dxc5 Bxc5 12. Be3 (12. b4 Bb6 13. Bf4 Qd8 14.
b5 Ne7 15. Nbd2 Nf5 $11 {Komodo12} (15... d4 16. Nc4 $16)) 12... Bxe3 13. Rxe3
Bg4 $15 14. h3 (14. Nbd2 d4 15. cxd4 Nxd4 16. Rc1 Nc6 $11) 14... Bxf3 15. Bxf3
(15. Qxf3 Rfe8 $15 (15... d4 16. Re1 Qb6 17. b3 Rae8 18. Nd2 Qa5 19. Rxe8 Rxe8
20. b4 Qd8 21. c4 d3 $15)) 15... Rad8 (15... Rfe8 16. Rxe8+ Rxe8 17. Na3 Ne5
18. Bg2 h5 $15 19. Nb5 Qb6 20. Qb3 h4 21. Nd4 hxg3 22. fxg3 Qa6 23. Qb5 Qxb5
24. Nxb5 Nd3 25. Nc7 Re2 26. Nxd5 Rxg2+ 27. Kxg2 Nxd5 28. Kf3 $11) 16. Rd3 (16.
Na3 {considered} d4 17. Nb5 Qc8 (17... dxe3 18. Nxc7 Rxd1+ 19. Rxd1 exf2+ 20.
Kxf2 $16 {Q side majority & excellent B}) 18. Nxd4 Qxh3 19. Bg2 Qc8 $11) 16...
Ne5 17. Rd4 Nxf3+ (17... Ne4 18. Nd2 Nc6 19. Rd3 Nxg3 $1 20. Rxd5 (20. fxg3
Qxg3+ 21. Kf1 Ne5 22. Rd4 Rd6 23. Qe1 Qxh3+ 24. Bg2 Rf6+ 25. Kg1 Rg6 26. Qf2
Rd8 $11) 20... Ne5 21. Bg2 Rxd5 22. Bxd5 Rd8 23. Nf3 Qc5 24. c4 Ne4 $11 {
Komodo12}) 18. Qxf3 Rfe8 19. Nd2 Qe5 (19... Re7 20. Rd1 Rde8 21. Nf1 Re2 $11)
20. Rd1 (20. Kg2) (20. Kf1 Rd6 21. Kg2 $11) 20... h5 21. Nf1 Qe2 22. Qxe2 (22.
Kg2 {first idea} Qxb2 23. Rb4 (23. c4 Qxa2 24. Ne3 Qb3 25. R4d3 Qb4 26. Nxd5
Nxd5 27. Rxd5 Rxd5 28. cxd5 Qd6 29. Qxh5 $11 {Komodo12}) 23... Qxa2 24. Rxb7
Rc8 25. Rdb1 {with the idea of getting the N to f5; but Komodo12 doesn't like
it} Qe2 26. Rxa7 Qxf3+ 27. Kxf3 Rxc3+ 28. Kg2 d4 29. Rbb7 Rf8 30. Rb4 d3 31.
Rd4 Re8 32. Ne3 g6 33. Ra6 Kg7 34. Rad6 $11) 22... Rxe2 23. Rb4 {sets a trap} (
23. R4d2 {relieves the pressure on d5 leaving Wh with a miniscule edge} Rxd2
24. Rxd2 Kf8 25. Ne3 g6 26. f3 Ke7 27. g4 Ke6 28. Kf2 hxg4 29. hxg4 Rh8 30. Kg2
Ke5 31. g5 Kf4 32. gxf6 Kxe3 33. Rxd5 $16 {Komodo12, but requires accuracy})
23... Ne4 $1 {overlooked} (23... Rd7 24. Ne3 {and the R is trapped} a5 {
Komodo12} (24... Ne4 $2 25. Rxe4 $18) 25. Rb5 Ne4 26. Nxd5 $14 Nxf2 $2 (26...
Rxf2 27. Nf6+ $18) 27. Nf6+) 24. Ne3 {trying to get active , but missing the
precise defence} (24. Rxb7 Nxf2 25. Rd2 Nxh3+ 26. Kh1 Re1 27. Rxa7 Ng5 28. Rf2
Rb8 29. Kg2 Ne4 30. Rc2 Rb6 $17 {Wh's K is still uncomfortable} 31. c4 Rf6 32.
Nh2 Re3 33. Ra3 Rxa3 34. bxa3 dxc4 35. Rxc4 Rf2+ 36. Kg1 Re2 $17 {Komodo12}) (
24. h4 b6 (24... Nxf2 25. Rd2 Nh3+ 26. Kh1 Rde8 (26... Rxd2 27. Nxd2 Nf2+ {
or the N is trapped} 28. Kg2 Nd3 29. Rxb7 Re8 30. Kf3 Ne1+ 31. Kf2 Nd3+ $11)
27. Rxb7 g6 28. Rb8 Nf2+ 29. Kg2 Rxb8 30. Rxe2 Nd1 $11 {Komodo12})) 24... Nxf2
25. Rxd5 (25. Kf1 {looks better but ends up losing} Nxd1 26. Kxe2 Re8 27. Kxd1
Rxe3 28. Rxb7 Rxg3 29. Rxa7 Rxh3 {the Bl pawns are more advanced} 30. b4 (30.
Rd7 Rh2 31. Rd8+ Kh7 32. Rxd5 Kg6 (32... g6) (32... h4 $17) 33. Rd2 $11) 30...
Rxc3 31. b5 Rc8 32. b6 Rb8 33. b7 Kh7 34. Ke2 h4 35. Kf2 d4 $1 $19) 25... Nxh3+
26. Kf1 $2 (26. Kh1 {only move to survive longer} Rxd5 27. Nxd5 b6 28. Rh4 Nf2+
29. Kg1 Ng4 30. Rxh5 Rxb2 $17) 26... Rf2+ 27. Ke1 Re8 $19 28. Rd3 Rf3 29. Ke2 (
29. Kd2 Nf2) (29. Rxb7 $5) 29... Rxg3 30. Rxb7 Nf4+ 31. Kf2 Nxd3+ (31... h4)
32. Kxg3 Rxe3+ 33. Kh4 {Wh's last hope is to run a Q side pawn, but Bl has
more than renough resources} Re2 (33... f6 {mates soon, Komodo12}) 34. b4 Rxa2
(34... Rg2 35. Rb5 (35. Rxa7 Nf4 36. b5 Rg4#) 35... f6 36. Rf5 g5+ 37. Kh3 Rxa2
38. Rxf6 Nf2+ $19 {Komodo12}) 35. Kxh5 Rc2 (35... Rg2 {mating}) 36. Rxa7 Rxc3
37. Ra8+ Kh7 38. Ra7 f6 0-1

[Event "Welsh Seniors Ch"]
[Site "?"]
[Date "2018.09.28"]
[Round "2"]
[White "Williams, David J"]
[Black "Davis, Lee"]
[Result "0-1"]
[WhiteElo "1517"]
[BlackElo "1960"]
[Annotator "kemen"]
[PlyCount "94"]
[EventDate "2018.10.01"]

1. e4 g6 2. d4 d6 3. Nf3 Bg7 4. Nc3 (4. Be3 Nf6 5. Nbd2 {has been played
against Lee, with 2 wins & a draw for him.}) 4... Nf6 5. h3 O-O 6. Be3 c6 {
a mainline position with close to 2500 games in the database. Surprisingly no
games can be traced with either player being in this particular position
before. Even more with Lee , who invariably plays g6 followed by d6.} 7. a4 Qa5
(7... Nbd7) (7... a5) (7... Qc7) 8. Bd3 (8. Nd2 {has Nc4 as an option,
especially if Bl plays e5 at some point.}) 8... e5 9. O-O (9. dxe5 dxe5 10. O-O
{alternative}) 9... h6 $146 (9... Nbd7) (9... Re8) 10. g4 {risky, as the
centre can still be opened} (10. dxe5 {Wh does best to open it himself} dxe5
11. Bc4 Nbd7 12. Qd6 Re8 13. b4 Qd8 14. Rfd1 $16 {Komodo12}) 10... Nbd7 (10...
exd4 11. Bxd4 h5 $11) 11. Ne2 Re8 (11... d5 {solves all Bl's opening problems,
though it may lead to rather drawish positions}) 12. dxe5 Nxe5 13. Nxe5 dxe5 (
13... Qxe5 14. Bd4 Qe7 15. f3 Be6 {is very comfotable for Bl}) 14. Kg2 Be6 15.
Ng3 c5 {a committal move , which leads to a longterm weakness on d5( the N can
& should reurn to it later in the game} (15... Rad8 $11) 16. Qe2 Qc7 17. Bc4 b6
18. Rad1 {Wh is well developed & Bl has a potential problem bl squared B
obstructed by its own pawns} Bxc4 19. Qxc4 Qe7 20. g5 {Wh has a plan, but more
flexible is} (20. Rd3 {Deep Fritz14 & Komodo12} Rad8 21. Rfd1 Nh7 22. Rxd8 Rxd8
23. Rxd8+ Qxd8 24. Qa6 Qd7 25. a5 $16) 20... hxg5 21. Bxg5 Qe6 22. Qxe6 Rxe6
23. Bxf6 Bxf6 {and the N should prove to be superior to the B, but it needs to
be on the q side} 24. Rd7 Re7 25. Rfd1 $11 {but Wh should be in no danger of
losing, whears the pBl pawns on the Q side will be difficult to defend} Rae8
26. Rd8 (26. Ne2 Kg7 27. Nc3 Rxd7 28. Rxd7 Rd8 29. Rxd8 Bxd8 30. Nb5 a6 31. Nd6
Kf6 32. b3 Ke7 33. Nc4 f6 $11 {but Bl has to mount a careful defence, as a
single inaccuraccy may well be fatal}) (26. Nf1 Bg5 27. Kf3 Kg7 28. Kg4 Rxd7
29. Rxd7 Re7 30. Rxe7 Bxe7 31. Ne3 {Komodo12 signals = but the N is
threatening to grab all the pawns on the q side}) 26... Rxd8 27. Rxd8+ Kg7 28.
b3 {however this gives Bl & target 7 he gets to improve his B prospects} (28.
c4 {fixes the Bl pawns & allows the N to head for d5 &/or b5. Bl can only sit
& wait.}) 28... c4 29. b4 Rc7 30. Rd5 c3 31. a5 Be7 (31... Rc4 32. axb6 axb6
33. Rb5 Rd4 34. Rxb6 Rd2 35. b5 Rxc2 36. Rc6 Rb2 37. Rxc3 Rxb5 $11 {though the
B is still obstucted by the pawn on e5, & a N is far better in static pawn
structures}) 32. axb6 axb6 33. b5 (33. Rxe5 Bxb4 34. Rb5 Bc5 35. e5 Re7 36. f4
f6 37. Ne4 fxe5 38. Nxc5 bxc5 39. Rxc5 exf4 40. Rxc3 Kf6 $11 {Komodo12}) 33...
f6 34. Ne2 Bb4 {Bl has activated his pieces, so should be ok.But Wh still has
chances as the B is defensive with no targets, but Wh's N is still flexible}
35. Kg3 (35. f4 {Komodo12} exf4 36. Nxf4 Re7 37. Kf3 g5 38. Nd3 Ba3 39. Rd8 Kg6
(39... Rc7 40. Rb8 $16) 40. Rc8 Rh7 41. Kg2 Rh4 42. Rxc3 Be7 43. e5 fxe5 44.
Nxe5+ Kf5 45. Ng4 Bc5 $14 {but Wh;s extra c pawn will not have an easy way
forward}) (35. h4 {Deep Fritz14} Ra7 36. Rd3 Ra2 37. Nxc3 Rxc2 38. Nd5 Bc5 39.
Rf3 f5 40. exf5 e4 41. Rf4 e3 42. fxg6 Rd2 43. Nc7 Kxg6 $11 {Komodo12}) 35...
Kf7 36. f3 Ke6 37. Kg4 {dangerous, the Wh K may run out of space} (37. h4) (37.
Nc1 Ra7 38. Rd8 (38. Nd3 Be7 $15 {runs the R out of moves}) 38... Ra5 39. Nd3
Rxb5 40. Nxb4 Rxb4 41. Rc8 Rb1 42. Rxc3 Kd6 $11 {Komodo12}) 37... Rc4 (37...
Ra7 $17 {is preferred by both Engines}) 38. Ng3 Be7 {f5 is now a serious threat
} 39. h4 (39. Ne2 {may be the best try} f5+ 40. Kg3 fxe4 41. Rd1 (41. fxe4 Rxe4
42. Nxc3 Re3+ $19) 41... exf3 42. Kxf3 Bc5 {and Wh is struggling to survive})
39... f5+ 40. Kh3 fxe4 41. fxe4 Rd4 $19 42. Ne2 (42. Rxd4 exd4 43. Ne2 Ke5 $19
{with pawns on both sides of the board, some of them running, the B is now
clearly superior to the N}) (42. Nf1 {both Engines} Rxe4 43. Rd3 Rxh4+ 44. Kg3
Rf4 45. Ne3 Bc5 46. Rxc3 Rb4 $19) 42... Rxe4 43. Nxc3 Re3+ 44. Kg4 Rxc3 45. Rd2
Rc4+ 46. Kf3 Rxh4 47. Kg3 Rb4 0-1